Gender, sexuality and migration in South Africa : governing morality /

Guardat en:
Dades bibliogràfiques
Format: Llibre
Idioma:anglès
Publicat: Cham : Palgrave Macmillan, 2016
Col·lecció:Migration, diasporas and citizenship series
Palgrave pivot
Etiquetes: Afegir etiqueta
Sense etiquetes, Sigues el primer a etiquetar aquest registre!

MARC

LEADER 00000nam a22000007i 4500
001 IT\ICCU\UBO\4809467
003 ItRI
005 20260115232020.0
008 240709s2016 sz |||||| ||||| |||||c
020 |a 9783319407326 (hbk) 
040 |b ita  |c importazione bologna sebina 
041 7 |a eng  |2 ISO-639-2 
130 0 |a Gender, sexuality and migration in South Africa  |3 IT\ICCU\UBO\4809468 
245 0 0 |a Gender, sexuality and migration in South Africa :  |b governing morality /  |c Ingrid Palmary. 
260 |a  Cham :  |b Palgrave Macmillan,  |c 2016 
300 |a ix, 139 p. :  |b ill. ;  |c 22 cm 
830 0 |a Migration, diasporas and citizenship series  |0 IT\ICCU\UBO\3943892 
830 0 |a Palgrave pivot  |0 IT\ICCU\TO0\1876228 
942 |2 ddc  |c BK  |n 0 
952 |0 0  |1 0  |4 0  |6 DOC_304_809000000000000_PAL  |7 0  |9 18922  |a BO  |b BO  |d 2026-01-15  |i 20099  |l 0  |o DOC 304.809 PAL  |p BO20099  |r 2026-01-15 23:20:20  |w 2026-01-15  |x [Sebina 5] [1 v.]  |y BK  |z 1 v. 
999 |c 16078  |d 16078